| 000 | 00589nam a22001817a 4500 | ||
|---|---|---|---|
| 999 |
_c164940 _d164940 |
||
| 005 | 20220303112552.0 | ||
| 010 | _aENG-125410 | ||
| 020 | _c50.00 | ||
| 035 | _aEN-108942 | ||
| 037 | _bDBAD/PUB | ||
| 082 | _a230.35 | ||
| 100 | _aKathuria, Sunderlal | ||
| 245 |
_aFrom void to the top journey of immortal martyr : _cby KP Singh _bSawami Sharaddhanand / |
||
| 260 |
_aDelhi _bBhartiya Hindu Shudhi Sabha _c2015 |
||
| 270 |
_a6949, Shudhi Sabha Bhawan, Birla Lines _bKamla Nagar, Delhi _e110011 _k23857244 |
||
| 300 |
_a70p. _c21cm(pbk) |
||
| 942 |
_2ddc _cEN _h230.35 _mKAT |
||